Normal view
MARC view
Entry Personal Name
001 - CONTROL NUMBER
- control field: 82957
003 - CONTROL NUMBER IDENTIFIER
- control field: OSt
005 - DATE AND TIME OF LATEST TRANSACTION
- control field: 20230405094027.0
008 - FIXED-LENGTH DATA ELEMENTS
- fixed length control field: 230405|| aca||aabn | a|a d
040 ## - CATALOGING SOURCE
- Original cataloging agency: OSt
- Transcribing agency: OSt
100 ## - HEADING--PERSONAL NAME
- Personal name: MACHIAVELLI (Niccolo)
670 ## - SOURCE DATA FOUND
- Source citation: Work cat.: (OSt)158059: MACHIAVELLI (Niccolo), Prince: a revised translation backgrounds interpretations Marginalia, 2005